28 Days Later Franchise Cast - Sudden Death - Statistics

General Stats
  • This quiz has been taken 28 times
  • The average score is 7 of 11
Answers on the Grid
Answers color-coded by a green-red scale on the quiz's grid according to % correct below.
David Tennant
Linda Hamilton
Regina Hall
Anya Taylor-Joy
Thomas Haden Church
Naomie Harris
Jerry Stiller
Mila Kunis
Alfie Williams
Ralph Fiennes
Jodie Whittaker
Cillian Murphy
Mary Elizabeth Winstead
Jack O'Connell
Lizzy Caplan
Liam Hemsworth
Imogen Poots
Jeremy Renner
James McAvoy
Katie Holmes
Karl Urban
Nicholas Hoult
Maggie Smith
Brendan Gleeson
Aaron Taylor-Johnson
Gwen Stefani
Sylvester McCoy
Christopher Eccleston
Ncuti Gatwa
Jodie Comer
 
Answer Stats
Answer % Correct
Ralph Fiennes
87%
Cillian Murphy
83%
Alfie Williams
65%
Jack O'Connell
65%
Naomie Harris
65%
Aaron Taylor-Johnson
57%
Brendan Gleeson
57%
Jeremy Renner
52%
Jodie Comer
52%
Christopher Eccleston
43%
Imogen Poots
39%
No matching quizzes found
Score Distribution
Percent of People with Each Score
Percentile by Number Answered
Your Score History
You have not taken this quiz